00285nam a2200121Ia 4500008004100000100001600041245003500057260002700092300000900119650001300128942000700141999001500148190216s9999||||xx |||||||||||||| ||und|| aTerry Lucey 0aManagement Information Systems bBpb Publicationsc1997 a282p aCommerce cBK c6029d6029